000 00921cam a2200265 a 4500
001 000019640
005 20200929170103.0
008 900503s1994 sp 000 d spa d
020 _a8423919145
040 _aDO-SdBNP
_bspa
_cDLC
_dBNPHU
082 _a862.64
_bB928f, 1994
100 1 _aBuero Vallejo, Antonio,
_d1916-2000.
_917657
245 1 3 _aLa fundación /
_cAntonio Buero Vallejo ; edición Francisco Javier Díez de Revenga.
250 _a4a ed.
260 _aMadrid, (España) :
_bEditorial Espasa Calpe,
_c1994.
300 _a173 p. ;
_c18 cm.
490 1 _aAustral. Literatura
_v114
600 1 4 _aBUERO VALLEJO, ANTONIO
_xCRÍTICA E INTERPRETACIÓN
_942088
650 4 _aTeatro español
_93071
650 4 _aLiteratura española
_9632
700 1 _aDíez de Revenga, Francisco Javier,
_eed.
_915666
830 0 _aAustral.
_pLiteratura
_v114
_921451
910 _aCatalogación derivada / LC
049 _aBNGR
999 _c19156
_d19156